000 02175ncm0a2200385 4500
001 RU\NLR\ONIZ\219525
005 20250626085132.0
013 _a979-0-706395-22-7
021 _aRU
_b17-191н
_917-12н
035 _aRU\NLR\ONIZ\lanatalya\5000005293\20170907170753
035 _a(NLR Aleph) 011535111
090 _a12165199
_c12165199
100 _a20170907d2016 |||y0rusy50 ca
101 0 _arus
102 _aRU
145 0 _ac
200 1 _aМечты юности
_bНоты
_eпроизведения для дет. и юнош. хора [с сопровожд. фп. и без сопровожд.]
_fА. Киселев
210 _aМосква
_cРадость
_d2016
215 _a158, [4] с.
_cил.
_d29 см
225 1 _aБиблиотека хормейстера
313 _aСистематизация документа проведена по изданию - Методика классифицирования музыкальных произведений (нотных изданий) по таблицам Библиотечно-библиографических классификаций : метод. рекомендации / Гос. б-ка СССР им. В.И. Ленина.- М., 1977. Индексу ББК методических рекомендаций присваивается код ББК для научных библиотек - LBC/SL
606 1 _aПроизведения для детского и юношеского хора
_yРоссия
_z20-21 вв.
_jНоты
_2nlr_sh
606 1 _aРождественские песни (авторские) для детского хора
_2nlr_sh
686 _aЩ941.8(2Р)я44
_vLBC/SL
_2rubbk
700 1 _9z02790
_aКиселев
_bА. И.
_f1948-
_gАнатолий Иванович
_4230
_7ca
790 1 _9z02700
_aKiselev
_bA. I.
_f1948-
_gAnatolij Ivanovič
_4230
_7ba
801 0 _aRU
_bNLR
_c20170907
_gPSBO
801 1 _aRU
_bNLR
_c20170907
_2rusmarc
801 2 _aRU
_bNLR
_c20190921
852 _aNLR
_bМ
_j3/11723
_pМОЭ 2017-12н/191н
_t1
852 _aNLR
_bМ
_j3/11723а
_pМОЭ 2017-12н/191на
_t2
942 _cSCORE
980 _aNB
980 _aONIZ